Almacenamiento del arroz cáscara /
Guardado en:
| Autor Principal: | |
|---|---|
| Formato: | Libro |
| Publicado: |
Madrid :
Inia,
1983
|
| Series: | Hoja técnica ;
44 |
| Materias: | |
| Etiquetas: |
Agregar Etiqueta
Sin Etiquetas, Sea el primero en etiquetar este registro!
|
| LEADER | 00553nam a22001935a 4500 | ||
|---|---|---|---|
| 001 | CEM.cems015758 | ||
| 008 | 130507s1983##################000#0#####d | ||
| 005 | 20210811183217.0 | ||
| 003 | CEMS | ||
| 245 | 1 | 0 | |a Almacenamiento del arroz cáscara / |c Ramón Carreres Ortells, |
| 260 | |a Madrid : |b Inia, |c 1983 | ||
| 300 | |a 31 p. | ||
| 490 | 1 | |a Hoja técnica ; |v 44 | |
| 100 | 1 | |a Carreres Ortells, Ramón | |
| 082 | 0 | 4 | |a 633.1 |
| 653 | |a Agricultura | ||
| 653 | |a Arroz-almacenaje | ||
| 653 | |a Cultivos | ||
| 859 | |a CEMS |b BIB. CEMS - Agricultura |h 633.1 |i C223-1 |p A12575.83 |t Ej.1 | ||
